000 00580nam a2200277Ia 4500
005 20260401122401.0
008 008 250103s9999 xx 000 0 eng d
020 _a203194780
037 _aTB
040 _aEDL
040 _beng
040 _cEDL
041 _2eng
041 _aeng
084 _a823.8 COL
084 _qEDL
245 0 _aCharles Dickens: Critical Heritage
260 _aLondon
260 _bRoutledge
260 _c1971
300 _a645p
942 _cTB
942 _h823.8 COL
999 _c1846923
_d1846923